00315nam a2200121Ia 4500008004100000082001800041100002200059245003500081250000800116260003600124300001100160650002200171150201s2000 xx 000 0 und d a294.6bS2000B aBUXI,LOCHAN SINGH aSAIT POET OF GURU GRANTH SAHIB a1ST bNATIONAL BOOK SHOPaDELHIc2000 aJan-02 aGENERAL DENTISTRY